|
|
|
|
| LEADER |
00000cam a2200000 c 4500 |
| 001 |
1622117719 |
| 003 |
DE-627 |
| 005 |
20251225202427.0 |
| 007 |
tu |
| 008 |
020128s2002 xx ||||| 00| ||eng c |
| 010 |
|
|
|a 2001033278
|
| 020 |
|
|
|a 080583964X
|9 0-8058-3964-X
|
| 035 |
|
|
|a (DE-627)1622117719
|
| 035 |
|
|
|a (DE-576)09669579X
|
| 035 |
|
|
|a (DE-599)BSZ09669579X
|
| 035 |
|
|
|a (OCoLC)314182715
|
| 040 |
|
|
|a DE-627
|b ger
|c DE-627
|e rakwb
|
| 041 |
|
|
|a eng
|
| 050 |
|
0 |
|a HV4999.Y68D46 2001
|
| 082 |
0 |
|
|a 362.29/12/0835
|
| 082 |
0 |
|
|a 362.29120835
|
| 084 |
|
|
|a 5,2
|2 ssgn
|
| 245 |
0 |
4 |
|a The decline of substance use in young adulthood
|b changes in social activities, roles, and beliefs
|c Jerald G. Bachman ...
|
| 264 |
|
1 |
|a Mahwah, NJ [u.a.]
|b Erlbaum
|c 2002
|
| 300 |
|
|
|a XIV, 307 S.
|b graph. Darst.
|
| 336 |
|
|
|a Text
|b txt
|2 rdacontent
|
| 337 |
|
|
|a ohne Hilfsmittel zu benutzen
|b n
|2 rdamedia
|
| 338 |
|
|
|a Band
|b nc
|2 rdacarrier
|
| 490 |
0 |
|
|a Research monographs in adolescence
|
| 583 |
1 |
|
|a Archivierung prüfen
|c 20200919
|f DE-640
|z 1
|2 pdager
|
| 650 |
|
0 |
|a Young adults
|x Substance use
|x United States
|
| 650 |
|
0 |
|a Young adults
|x United States
|x Attitudes
|
| 650 |
|
0 |
|a Young adults
|x United States
|x Social life and customs
|x 20th century
|
| 689 |
0 |
0 |
|d s
|0 (DE-588)4072431-1
|0 (DE-627)10609520X
|0 (DE-576)209186984
|a Heranwachsender
|2 gnd
|
| 689 |
0 |
1 |
|d s
|0 (DE-588)4070587-0
|0 (DE-627)106099663
|0 (DE-576)209181532
|a Drogenmissbrauch
|2 gnd
|
| 689 |
0 |
|
|5 (DE-627)
|
| 700 |
1 |
|
|a Bachman, Jerald G.
|d 1936-
|0 (DE-588)1048395162
|0 (DE-627)780303903
|0 (DE-576)160136520
|4 oth
|
| 856 |
4 |
2 |
|u https://digitale-objekte.hbz-nrw.de/storage/2005/12/27/file_158/883015.pdf
|m V:DE-605
|m X:migimw
|q application/pdf
|v 2025-07-00
|3 Inhaltsverzeichnis
|7 1
|
| 951 |
|
|
|a BO
|
| ELC |
|
|
|b 1
|
| LOK |
|
|
|0 000 xxxxxcx a22 zn 4500
|
| LOK |
|
|
|0 001 3244037968
|
| LOK |
|
|
|0 003 DE-627
|
| LOK |
|
|
|0 004 1622117719
|
| LOK |
|
|
|0 005 20020128000000
|
| LOK |
|
|
|0 008 020128||||||||||||||||ger|||||||
|
| LOK |
|
|
|0 040
|a DE-21
|c DE-627
|d DE-21
|
| LOK |
|
|
|0 852
|a DE-21
|
| LOK |
|
|
|0 852 1
|c KB 19 A 8988
|9 00
|
| LOK |
|
|
|0 935
|a krim
|
| LOK |
|
|
|0 936ln
|a k9.7.2.2
|
| LOK |
|
|
|0 939
|a 28-01-02
|b l01
|
| ORI |
|
|
|a SA-MARC-krimdoka001.raw
|
| SIG |
|
|
|a UB: KB 19 A 8988
|